Schnellhärtende, prozessangepasste Epoxidharzformulierungen für Verbundwerkstoffe

Saved in:
Bibliographic Details
Main Author: Zang, Lin (Author)
Format: Book/Monograph Thesis
Language:German
Published: 2013
DOI:10.11588/heidok.00015634
Subjects:
Online Access:Resolving-System, kostenfrei, Volltext: http://nbn-resolving.de/urn:nbn:de:bsz:16-heidok-156345
Resolving-System, Volltext: https://nbn-resolving.org/urn:nbn:de:bsz:16-heidok-156345
Langzeitarchivierung Nationalbibliothek, Volltext: http://d-nb.info/117780932X/34
Verlag, kostenfrei, Volltext: http://www.ub.uni-heidelberg.de/archiv/15634
Resolving-System, Unbekannt: https://doi.org/10.11588/heidok.00015634
Get full text
Author Notes:Lin Zang

MARC

LEADER 00000cam a2200000 c 4500
001 776999621
003 DE-627
005 20250213202942.0
007 cr uuu---uuuuu
008 140121s2013 gw |||||om 00| ||ger c
016 7 |a 117780932X  |2 DE-101 
024 7 |a urn:nbn:de:bsz:16-heidok-156345  |2 urn 
024 7 |a 10.11588/heidok.00015634  |2 doi 
035 |a (DE-627)776999621 
035 |a (DE-576)39994205X 
035 |a (DE-599)BSZ39994205X 
035 |a (OCoLC)870198305 
035 |a (OCoLC)870198305 
040 |a DE-627  |b ger  |c DE-627  |e rakwb 
041 |a ger 
044 |c XA-DE-BW 
082 0 4 |a 660  |q DE-101 
084 |a 30  |2 sdnb 
084 |a 42  |2 sdnb 
100 1 |a Zang, Lin  |0 (DE-588)1044140666  |0 (DE-627)771574495  |0 (DE-576)39674091X  |4 aut 
245 1 0 |a Schnellhärtende, prozessangepasste Epoxidharzformulierungen für Verbundwerkstoffe  |c Lin Zang 
264 1 |c 2013 
300 |a Online-Ressource (XVII, 147 Bl.) 
336 |a Text  |b txt  |2 rdacontent 
337 |a Computermedien  |b c  |2 rdamedia 
338 |a Online-Ressource  |b cr  |2 rdacarrier 
502 |a Heidelberg, Univ., Diss., 2013 
591 |a doctoralThesis 
650 0 7 |0 (DE-588)4070891-3  |0 (DE-627)106099108  |0 (DE-576)209182245  |a Epoxidharz  |2 gnd 
650 0 7 |0 (DE-588)4062670-2  |0 (DE-627)106130803  |0 (DE-576)209145439  |a Verbundwerkstoff  |2 gnd 
655 7 |a Hochschulschrift  |0 (DE-588)4113937-9  |0 (DE-627)105825778  |0 (DE-576)209480580  |2 gnd-content 
751 |a Heidelberg  |0 (DE-588)4023996-2  |0 (DE-627)106300814  |0 (DE-576)208952578  |4 uvp 
776 0 8 |i Erscheint auch als  |n Druck-Ausgabe  |a Zang, Lin  |t Schnellhärtende, prozessangepasste Epoxidharzformulierungen für Verbundwerkstoffe  |d 2013  |h XVII, 147 Bl.  |w (DE-627)1466770325  |w (DE-576)396770320 
856 4 0 |u http://nbn-resolving.de/urn:nbn:de:bsz:16-heidok-156345  |q application/pdf  |x Resolving-System  |z kostenfrei  |3 Volltext 
856 4 0 |u https://nbn-resolving.org/urn:nbn:de:bsz:16-heidok-156345  |v 2019-08-23  |x Resolving-System  |3 Volltext 
856 4 0 |u http://d-nb.info/117780932X/34  |v 2019-08-23  |x Langzeitarchivierung Nationalbibliothek  |3 Volltext 
856 4 0 |u http://www.ub.uni-heidelberg.de/archiv/15634  |v 2019-08-23  |x Verlag  |z kostenfrei  |3 Volltext 
856 4 2 |u https://doi.org/10.11588/heidok.00015634  |v 2019-08-23  |x Resolving-System  |3 Unbekannt 
912 |a GBV-ODiss 
935 |i Blocktest 
951 |a BO 
992 |a 20140121 
993 |a Thesis 
994 |a 2013 
998 |g 1044140666  |a Zang, Lin  |m 1044140666:Zang, Lin  |d 120000  |e 120000PZ1044140666  |k 0/120000/  |p 1  |x j  |y j 
999 |a KXP-PPN776999621  |e 3364036756 
BIB |a Y 
JSO |a {"recId":"776999621","language":["ger"],"type":{"bibl":"thesis","media":"Online-Ressource"},"physDesc":[{"extent":"Online-Ressource (XVII, 147 Bl.)"}],"id":{"uri":["urn:nbn:de:bsz:16-heidok-156345"],"doi":["10.11588/heidok.00015634"],"eki":["776999621"]},"title":[{"title_sort":"Schnellhärtende, prozessangepasste Epoxidharzformulierungen für Verbundwerkstoffe","title":"Schnellhärtende, prozessangepasste Epoxidharzformulierungen für Verbundwerkstoffe"}],"origin":[{"dateIssuedDisp":"2013","dateIssuedKey":"2013"}],"person":[{"display":"Zang, Lin","role":"aut","family":"Zang","given":"Lin"}],"name":{"displayForm":["Lin Zang"]},"noteThesis":["Heidelberg, Univ., Diss., 2013"]} 
SRT |a ZANGLINSCHNELLHAE2013